Eastern Europe Map Quiz - Statistics

General Stats
  • This quiz has been taken 68 times
  • The average score is 18 of 23
Answers on the Map
Answers color-coded by a green-red scale on the quiz's map according to % correct below.
 
Answer Stats
Answer % Correct
Russia
91%
Ukraine
91%
Latvia
88%
Estonia
86%
Poland
86%
Belarus
84%
Cyprus
84%
Moldova
81%
North Macedonia
81%
Turkey
81%
Albania
79%
Croatia
79%
Lithuania
79%
Romania
79%
Bosnia & Herzegovina
77%
Hungary
77%
Slovakia
74%
Kosovo
72%
Montenegro
72%
Bulgaria
70%
Czech Republic
70%
Serbia
67%
Slovenia
65%
No matching quizzes found
Score Distribution
Percent of People with Each Score
Percentile by Number Answered
Your Score History
You have not taken this quiz